| 000 | 00518nam a22001577a 4500 | ||
|---|---|---|---|
| 999 |
_c764 _d764 |
||
| 003 | AR-CdUCM | ||
| 008 | 190225b ||||| |||| 00| 0 spa d | ||
| 040 |
_aMUNICIPALIDAD PROVINCIAL DEL CUSCO _cBIBLIOTECA MUNICIPAL DEL CUSCO |
||
| 082 |
_a949 / _bI53 |
||
| 110 |
_aSecretaría Federal de Informaciones _92932 |
||
| 245 |
_aInversiones Conjuntas en Yugoslavia _bCambios de la Legislación |
||
| 260 |
_aSerbia : _bNovi dani ; _c1985. |
||
| 300 |
_a61 páginas _c23cm |
||
| 942 |
_2ddc _cLIBROS |
||
| 945 |
_anom _d2019-02-25 |
||